| 000 | 02062nam0a2200361 4500 | ||
|---|---|---|---|
| 001 | RU\NLR\BIBL_A\011363634 | ||
| 005 | 20241115073234.0 | ||
| 010 |
_a9785701727265 _9500 |
||
| 021 |
_aRU _b2017-17015 _91256 |
||
| 035 | _a(RuMoRGB)008818777 | ||
| 035 | _a(NLR Aleph) 011363634 | ||
| 090 |
_a11312019 _c11312019 |
||
| 100 | _a20170410d2017 k y0rusy50 ca | ||
| 101 | 0 |
_arus _deng |
|
| 102 | _aRU | ||
| 105 | _aa|||z|||000yy | ||
| 200 | 1 |
_aАктуальные проблемы обучения русскому языку как иностранному и русскому языку как неродному _eсборник статей _fМинистерство образования Московской области, Государственное образовательное учреждение высшего образования Московской области, Московский государственный областной университет, Историко-филологический институт _g[ответственный редактор: Л.С. Крючкова, кандидат филологических наук, доцент] |
|
| 210 |
_aМосква _cИИУ МГОУ _d2017 |
||
| 215 |
_a229 с. _cил. _d21 |
||
| 300 | _aРез. на англ. яз. | ||
| 320 | _aБиблиогр. в конце ст. | ||
| 606 |
_aРусский язык _jСборники _xПреподавание нерусским _92176781 _3RU\NLR\AUTH\661309220 |
||
| 686 |
_aШ141.2-916я43 _2rubbk |
||
| 686 |
_aЧ426.132(2)я43 _2rubbk |
||
| 686 | 1 | _aЧ486.132я43 | |
| 686 | 1 | _aЧ426.132я43 | |
| 702 | 1 |
_aКрючкова _bЛ. С. _gЛюдмила Сергеевна _4340 |
|
| 712 | 0 | 2 |
_4570 _aМосковский государственный областной университет _bИсторико-филологический институт _9437963 _3RU\NLR\AUTH\880385888 |
| 942 | _cBOOK | ||
| 980 | _aNBR | ||